00857nam a2200241 i 450000100060000000300090000600500170001500700030003200800410003510000250007624501320010125000140023326000520024730000210029949000250032065500330034570000250037883000330040385200320043694200080046899900170047695201220049325738ES-MaACL20250805063227.0t|030102s1967 sp ||||1| spa d0 aAristóteles92286110aCompendio de toda la Philosophia natural / cde Aristóteles ; traduzida (sic) en metro castellano (Stella 1547) Fray Canales. aEd. facs. aCieza : b[s.n., c1967] (fArt. Gráf. Soler) a58 p. ; c25 cm.1 aEl ayre de la almena 72tgfbne9226495aFacsímiles1 aFray Canales.9523960 aEl ayre de la almena9183709 aES-MaACLjC-33950 bR.64394 2udc c25738d25738 00104070aATENEOMbATENEOMcDEPO2d2008-01-17eSCl0oC-33950p1026547r2023-02-23 00:00:00w2023-02-23yMONOGRAFIA